Rock Songs #10 - Statistics

General Stats
  • This quiz has been taken 39 times
  • The average score is 5 of 20
Answer Stats
Song Name Number of Spotify Streams to nearest Million Artist % Correct
Rock You like a Hurricane 359 Scorpions
83%
Fade To Black 306 Metallica
74%
Voodoo Child (Slight Return) 187 Jimi Hendrix
71%
Home Sweet Home 227 Motley Crue
54%
Love Gun 72 Kiss
51%
All my life 370 Foo Fighters
34%
Hail to the King 560 Avenged Sevenfold
31%
Before I Forget 499 Slipknot
29%
Life is Beautiful 72 Sixx:A.M.
17%
Gasoline 67 Audioslave
11%
Kill The Poor 12 Dead Kennedys
11%
Miss Alissa 70 Eagles of Death Metal
11%
Back in the Game 30 Airbourne
9%
Hot Dog 99 Limp Bizkit
9%
Kill the Noise 60 Papa Roach
9%
Is there Anybody Out There? 100 Machine Head
6%
I hate You 11 Frank Carter And The Rattlesnakes
3%
Mjød 11 Kvelertak
3%
Subliminal 19 Suicidal Tendecies
3%
Asylum 10 Vended
3%
No matching quizzes found
Score Distribution
Percent of People with Each Score
Percentile by Number Answered
Your Score History
You have not taken this quiz